Responses for Show #7724 - Thursday, March 22, 2018

Contestants

[<< previous game]

Lynn Klyde-Allaman, a journalism professor from Lafayette, Colorado

Natasha Go, an innovation strategist from Sunnyside, New York

Rebecca Zoshak, a language specialist from State College, Pennsylvania (whose 1-day cash winnings total $14,407)

[next game >>]

Jeopardy! Round responses

NEWS OF 2017
MIDDLE INITIAL E.
FUN WITH BACKWARDS WORDS
LOCATION VACATION
ON THE BOARD GAME
LET'S REWRITE THE CLASSIC NOVEL
(Alex: And you identify the novel we are rewriting.)
    $200 3
the International Space Station

Lynn
    $200 29
[The end-of-round signal sounds.]

Chuck E. Cheese

Natasha
    $200 17
New Zealand

Natasha
    $200 1
Clue

Rebecca
    $200 14
The Grapes of Wrath

Lynn
    $400 4
Whole Foods

Lynn
    $400 26
(Natasha: What is Schwab?)

Lynch

RebeccaNatasha
    $400 20
an asteroid

Natasha
    $400 6
(Rebecca: What is Austria?)

The Sound of Music

RebeccaNatasha
    $400 2
Monopoly

Lynn
    $400 15
Anna Karenina

Rebecca
    $600 5
drive

Natasha
    $600 21
Alfred E. Neuman

Lynn
    $600 24
Nomar

Lynn
    $600 7
Downton Abbey

Lynn
    $600 11
Candy Land

Natasha
    $600 16
The Jungle

Natasha
    $800 8
high C

Triple Stumper
    $800 22
Robert E. Lee

Lynn
    $800 25
spam

Natasha
    $800 10
a wood chipper

Rebecca
    $1,600 13
The Game of Life

Rebecca
    $800 18
The Catcher in the Rye

Natasha
    $1000 9
Tom Price

Natasha
    $1000 23
David E. Kelley

Rebecca
    $1000 28
(Natasha: What is Kansas City?)

Omaha

NatashaLynn
    $1000 12
Shawshank

Rebecca
    $1000 27
Risk

Rebecca
    $1000 19
Madame Bovary

Natasha

Scores at the first commercial break (after clue 13):

Rebecca Natasha Lynn
$3,200 $2,600 $1,600

Scores at the end of the Jeopardy! Round:

Rebecca Natasha Lynn
$6,000 $5,200 $4,800

Double Jeopardy! Round responses

FORESTS
VERY POSSESSIVE
"B" PREPARED
AVIATION HISTORY
SING A SONG OF
6 PENS
    $400 15
Sherwood Forest

Rebecca
    $400 27
Meriwether Lewis

Triple Stumper
    $400 1
a blimp

Rebecca
    $400 12
Lindbergh

Natasha
    $400 17
(Stephen) Stills

Lynn
    $400 9
Eisenhower

Natasha
    $800 13
bamboo

Natasha
    $800 10
Fulton

Lynn
    $800 2
a byproduct

Rebecca
    $800 18
the Tuskegee Airmen

Natasha
    $800 6
Meat Loaf

Lynn
    $800 22
Voltaire

Natasha
    $1200 14
a cloud forest

Triple Stumper
    $1200 11
Lloyd's of London

Triple Stumper
    $1200 3
betrothal

Lynn
    $1200 28
(Lynn: What is a hot air balloon?)

a glider

Lynn
Triple Stumper
    $1200 7
Van Morrison

Triple Stumper
    $1200 23
Montblanc

Natasha
    $1,000 20
(Natasha: What is Syria?)

Lebanon

Natasha
    $1,600 19
(Natasha: What is density?)

pressure

Natasha
    $1600 4
Byronic

Rebecca
    $1600 29
(Lynn: What is Connecticut?)
...
[The end-of-round signal sounds.]

Texas

Lynn
Triple Stumper
    $1600 8
Bernadette

Triple Stumper
    $1600 24
a quill

Lynn
    $2000 21
Sherman

Rebecca
    $2000 26
(Alex: Less than a minute now.)

Jenkins' Ear

Triple Stumper
    $2000 5
baobab

Natasha
    $2000 16
Bangladesh

Lynn
    $2000 25
a poison pen

Rebecca

Scores at the end of the Double Jeopardy! Round:

Rebecca Natasha Lynn
$13,200 $9,000 $8,800

[wagering suggestions for these scores]

Final Jeopardy! Round responses

WORLD GEOGRAPHY
LynnWhat is Turkey?
$0
NatashaWhat is Malta?
$4,399
RebeccaWhat is Cyprus?
$4,801
Turkey

Final scores:

Rebecca Natasha Lynn
$8,399 $4,601 $8,800
2nd place: $2,000 3rd place: $1,000 New champion: $8,800

Game dynamics:

Coryat scores:

Rebecca Natasha Lynn
$12,400 $11,600 $8,800
14 R
(including 1 DD),
1 W
18 R,
4 W
(including 2 DDs)
15 R,
2 W

Combined Coryat: $32,800

[game clues] [game scores] [suggest correction]

Game tape date: 2017-12-13
The J! Archive is created by fans, for fans. Scraping, republication, monetization, and malicious use prohibited; this site may use cookies and collect identifying information. See terms. The Jeopardy! game show and all elements thereof, including but not limited to copyright and trademark thereto, are the property of Jeopardy Productions, Inc. and are protected under law. This website is not affiliated with, sponsored by, or operated by Jeopardy Productions, Inc. Join the discussion at JBoard.tv.